Kleincomputer leichtverständlich : Sonderausgabe /

Gespeichert in:
Bibliographische Detailangaben
1. Verfasser: Bückner, Uwe von (Verfasst von)
Format: Buch
Veröffentlicht: Leipzig : VEB Fachbuchverlag, 1986
Tags: Tag hinzufügen
Keine Tags, Fügen Sie das erste Tag hinzu!

MARC

LEADER 00000nam a22000003a 4500
001 stu19792
005 20150617225753.5
008 ------s1986----gw----------------------d
040 |a STU  |b slo 
041 0
044 |a gw 
080 |a 681.3 
100 1 |a Bückner, Uwe von  |4 aut 
245 1 |a Kleincomputer leichtverständlich :  |b Sonderausgabe /  |c [aut.]Bückner,Uwe von 
260 |a Leipzig :  |b VEB Fachbuchverlag,  |c 1986 
300 |a 168 s :  |b Obr.,tab 
996 |b C78619  |c C*78619  |l CCVI  |s P  |a 0  |w stu19792_0001